Statistics for 2019-2020 Seattle Seahawks Current Roster

Click here to take the quiz!

General Stats

  • This quiz has been taken 339 times
  • The average score is 18 of 37

Answer Stats

HintAnswer% Correct
QBRussell Wilson
100%
RBChris Carson
90%
WRTyler Lockett
89%
WRDK Metcalf
88%
LBBobby Wagner
81%
RBRashaad Penny
77%
CoachPete Carroll
75%
QBGeno Smith
73%
CBShaquill Griffin
64%
LBKJ Wright
63%
LBShaquem Griffin
63%
TEWill Dissly
63%
OLDuane Brown
58%
WRJaron Brown
58%
WRDavid Moore
56%
PMichael Dickson
56%
TEEd Dickson
53%
QBPaxton Lynch
53%
KJason Myers
52%
CBTre Flowers
46%
DTJarran Reed
41%
OLGermain Ifedi
37%
SSBradley McDougald
36%
OLJustin Britt
31%
LBMychal Kendricks
31%
FBNick Bellore
27%
OLMike Iupati
26%
LSTyler Ott
26%
OLDJ Fluker
25%
TENick Vannett
25%
FSTedric Thompson
25%
DEEzekiel Ansah
22%
DEL.J. Collier
21%
DTAl Woods
13%
RBJ.D. McKissic
13%
CBAkeem King
9%
CBNeiko Thorpe
9%

Score Distribution

Percentile by Number Answered

Percent of People with Each Score

Your Score History

You have not taken this quiz